000 00331nam a2200109Ia 4500
008 200302s9999 xx 000 0 und d
100 _aVeronica Lawlor
245 _aThe urban sketching handbook reportage and documentary drawing tips and techniques for drawing on location
260 _bQuarry Books
260 _c2016
300 _a111
999 _c6295
_d6295